Statistics for Largest Cities in Silesia (Śląskie)

Click here to take the quiz!

General Stats

  • This quiz has been taken 176 times
  • The average score is 13 of 20

Answer Stats

PopulationCity% Correct
294.510Katowice
100%
179.806Gliwice
89%
202.036Sosnowiec
85%
166.795Bytom
79%
222.292Częstochowa
79%
108.434Chorzów
77%
173.374Zabrze
77%
171.259Bielsko-Biała
73%
138.000Ruda Śląska
70%
127.831Tychy
67%
120.259Dąbrowa Górnicza
66%
138.696Rybnik
65%
67.154Siemianowice Śląskie
53%
74.586Mysłowice
51%
62.456Żory
49%
56.804Będzin
47%
91.563Jaworzno
47%
61.356Tarnowskie Góry
47%
89.128Jastrzębie-Zdrój
44%
55.299Piekary Śląskie
42%

Score Distribution

Percentile by Number Answered

Percent of People with Each Score

Your Score History

You have not taken this quiz